Państwa mające dostęp do Morza Bałtyckiego - Statystyki

Ogólne statystyki
  • Ten quiz został rozwiązany 43 razy
  • Średni wynik to 9 z 9
Statystyki odpowiedzi
Państwo % Poprawnych
Szwecja
100%
Finlandia
97%
Niemcy
97%
Polska
97%
Rosja
97%
Dania
94%
Estonia
91%
Litwa
91%
Łotwa
91%
Nie znaleziono quizów pasujących do podanych kryteriów
Rozkład punktacji
Procent ludzi z każdym wynikiem
Percentyl według liczby udzielonych odpowiedzi
Twoja historia wyników
Nie rozwiązałeś tego quizu